Rozdielne cesty tranzitívnej spravodlivosti – prípady Českej republiky, Slovenska a Poľska

Podoba tranzície v štátoch strednej a východnej Európy. Mechanizmy vyrovnávania sa s komunistickou minulosťou. Česká a Slovenská republika – nežná revolúcia. Prechod režimu a podoba tranzitnej spravodlivosti. Prehľad cieľov sledovaných lustráciami, ktoré odzneli počas parlamentnej rozpravy pri prij...

Description complète

Enregistré dans:
Détails bibliographiques
Auteur principal: Šipulová, Katarína
Autres auteurs: Hloušek, Vít
Format: Chapitre de livre
Langue:slovaque
Sujets:
Tags: Ajouter un tag
Pas de tags, Soyez le premier à ajouter un tag!

MARC

LEADER 00000nla a2200000 4500
001 0157554
005 20240108072906.9
041 0 |a slo 
044 |a CZ 
245 1 0 |a Rozdielne cesty tranzitívnej spravodlivosti – prípady Českej republiky, Slovenska a Poľska 
520 |a Podoba tranzície v štátoch strednej a východnej Európy. Mechanizmy vyrovnávania sa s komunistickou minulosťou. Česká a Slovenská republika – nežná revolúcia. Prechod režimu a podoba tranzitnej spravodlivosti. Prehľad cieľov sledovaných lustráciami, ktoré odzneli počas parlamentnej rozpravy pri prijímaní Veľkého lustračného zákona v roku 1991. Poľsko– demokratizácia bez dôslednej dekomunizácie. Komparatívne zhodnotenie. 
610 2 0 |a reformy hospodárske 
610 2 0 |a reformy štruktúrne 
610 2 0 |a krajiny tranzitívne 
610 2 0 |a Slovensko 
610 2 0 |a Česko 
610 2 0 |a Poľsko 
610 2 0 |a história 
610 2 0 |a politika 
100 1 |a Šipulová, Katarína 
700 1 |a Hloušek, Vít